El viaje en globo de Guillermo / (Record no. 28265)

MARC details
000 -LEADER
fixed length control field 00641nam a22002177a 4500
001 - CONTROL NUMBER
control field sjds
003 - CONTROL NUMBER IDENTIFIER
control field sjds
005 - DATE AND TIME OF LATEST TRANSACTION
control field 20230829194633.0
008 - FIXED-LENGTH DATA ELEMENTS--GENERAL INFORMATION
fixed length control field 230829b |||||||| |||| 00| 0 spa d
020 ## - INTERNATIONAL STANDARD BOOK NUMBER
International Standard Book Number 9788430560981
020 ## - INTERNATIONAL STANDARD BOOK NUMBER
International Standard Book Number 843056098X
040 ## - CATALOGING SOURCE
Transcribing agency sjds
041 ## - LANGUAGE CODE
Language code of text/sound track or separate title spa
100 10 - MAIN ENTRY--PERSONAL NAME
Personal name Zimnik, Reiner
245 13 - TITLE STATEMENT
Title El viaje en globo de Guillermo /
Statement of responsibility, etc. Reiner Zimnik
246 ## - VARYING FORM OF TITLE
Title proper/short title Front cover image for El viaje en globo de Guillermo El viaje en globo de Guillermo
260 ## - PUBLICATION, DISTRIBUTION, ETC. (IMPRINT)
Place of publication, distribution, etc. Madrid :
Name of publisher, distributor, etc. Susaeta,
Date of publication, distribution, etc. 1991
300 ## - PHYSICAL DESCRIPTION
Extent 1 volume (unpaged) :
Other physical details color illustrations ;
Dimensions 32 cm.
440 ## - SERIES STATEMENT/ADDED ENTRY--TITLE
Title Coleccion Albumes ilustrados
942 ## - ADDED ENTRY ELEMENTS (KOHA)
Koha item type Libro/Book
Holdings
Withdrawn status Lost status Damaged status Not for loan Home library Current library Date acquired Total Checkouts Barcode Date last seen Date checked out Price effective from Koha item type Checked out
        San Juan Del Sur -- Mobile La talanguera 29/08/2023 1 33017451 16/10/2024 05/03/2024 29/08/2023 Libro/Book  
        San Juan Del Sur -- Mobile Torovenado 29/08/2023 3 33017454 09/07/2024 09/07/2024 29/08/2023 Libro/Book 13/08/2024

Powered by Koha